Temas de derecho de la navegación, derecho aeronáutico y derecho espacial /

Guardado en:
Autor Principal: Arrola de Galandrini, Graciela.
Formato: Libro
Idioma:Spanish
Publicado: Mar del Plata : Suárez, 1997.
Materias:
Etiquetas: Agregar Etiqueta
Sin Etiquetas, Sea el primero en etiquetar este registro!
LEADER 00715nam a22001815a 4500
001 EUN.um067113
003 AR-BaUNS
005 20050623122931.0
008 041125s1997####ag#a##########000#0#spa#d
245 1 0 |a Temas de derecho de la navegación, derecho aeronáutico y derecho espacial /  |c Graciela Arrola de Galandrini. 
260 |a Mar del Plata :  |b Suárez,  |c 1997. 
300 |a 3 v. :  |b ilus. ;  |c 21,5 cm. 
100 1 |a Arrola de Galandrini, Graciela. 
082 0 4 |a 347.8 
653 |a Derecho maritimo 
859 |a Ar-BaUNS  |b BIB. CENTRAL - Sector A  |h 347.8  |i Ar69  |p 109804/999  |v v.1 
859 |a Ar-BaUNS  |b BIB. CENTRAL - Sector A  |h 347.8  |i Ar69  |p 109805/999  |t Ej.2  |v v.1 
859 |a Ar-BaUNS  |b Dto. Derecho  |h 347.8  |i Ar69  |p 109806/999  |t Ej.3  |v v.1